Estructura del mercado turístico (Registro nro. 11924)

Detalles MARC
000 -CABECERA
campo de control de longitud fija 00946nam a22003257a 4500
005 - FECHA Y HORA DE ACTUALIZACIÓN
campo de control 20190607084607.0
008 - LONGITUD FIJA
campo de control de longitud fija 190523b xxu||||| |||| 00| 0 spa d
020 ## - INTERNATIONAL STANDARD BOOK NUMBER
Número Internacional Estándar del Libro 9788428338271
041 ## - IDIOMA
Código de idioma del texto/pista de sonido o título separado
082 ## - CLASIFICACIÓN DECIMAL DEWEY
Número de clasificación 1.10.14 O51e
100 ## - AUTOR PERSONAL
Nombre de persona Olmos Juárez, Lourdes
100 ## - AUTOR PERSONAL
Nombre de persona García Cebrián, Rafael
245 ## - TÍTULO PROPIAMENTE DICHO
Título Estructura del mercado turístico
250 ## - EDICIÓN
Mención de edición 2 edición
260 ## - PIE DE IMPRENTA
Lugar de publicación, distribución, etc. España
260 ## - PIE DE IMPRENTA
Nombre del editor, distribuidor, etc. Ediciones Paraninfo
260 ## - PIE DE IMPRENTA
Fecha de publicación, distribución, etc. 2016
300 ## - DESCRIPCIÓN FÍSICA
Extensión 279 páginas
650 ## - Materia General
Materia general MERCADOTECNIA TURÍSTICA
650 ## - Materia General
Materia general MERCADEO TURÍSTICO
650 ## - Materia General
Materia general EVOLUCIÓN DEL TURISMO
650 ## - Materia General
Materia general NUEVAS TECNOLOGÍAS
650 ## - Materia General
Materia general ENTIDADES PÚBLICAS
650 ## - Materia General
Materia general ORGANISMOS PRIVADOS
650 ## - Materia General
Materia general TIPOLOGÍA TURÍSTICA
650 ## - Materia General
Materia general OFERTA TURÍSTICA
650 ## - Materia General
Materia general ALOJAMIENTO
650 ## - Materia General
Materia general DEMANDA TURÍSTICA
942 ## - Punto de Acceso Adicional Koha
Tipo de ítem Koha Libro
Existencias
Estado perdido Estado dañado No para préstamo Biblioteca permanente Biblioteca actual Signatura completa Código de barras Tipo de ítem
      Departamento de Biblioteca y Documentación Alfonso Chase Brenes Departamento de Biblioteca y Documentación Alfonso Chase Brenes 1.10.14 O51e 24330 Libro